Statistics for Guess the Footballers by their Teams #10

Click here to take the quiz!

General Stats

  • This quiz has been taken 218 times
  • The average score is 7 of 10

Answer Stats

HintAnswer% Correct
2003-. Dinamo Zagreb, Zrinjski Mostar (loan), Inter Zapresic (loan), Tottenham Hotspur, Real Madrid, Croatia.Luka Modric
99%
2007-. FC Basel II, FC Basel, Bayern Munich, Inter Milan, Stoke City, Liverpool, Lyon, Chicago Fire, Switzerland.Xherdan Shaqiri
90%
1993-2012. Dynamo-2 Kyiv, Dynamo Kyiv, AC Milan, Chelsea, AC Milan (loan), Dynamo Kyiv, Ukraine.Andriy Shevchenko
85%
2008-. Pescara, Paris Saint-Germain, Italy.Marco Verratti
84%
2002-. Atletico Patanaense, Shakhtar Donetsk, Manchester City, Brazil.Fernandinho
74%
1995-2017. Brescia, Inter Milan, Reggina (loan), Brescia (loan), AC Milan, Juventus, New York City FC, Italy.Andrea Pirlo
69%
2002-2020. River Plate, Corinthians, West Ham United, Liverpool, Barcelona, Hebei China Fortune, Estundiantes, Argentina.Javier Mascherano
69%
1990-2008. Borussia Neunkirchen, Eintracht Frankfurt, Fenerbahce, Paris Saint-Germain, Bolton Wanderers, Qatar SC, Hull City, Nigeria.Jay-Jay Okocha
68%
2017-. Chelsea, Vitesse (loan), Derby County (loan), England.Mason Mount
61%
1971-1994. Flamengo, Udinese, Flamengo, Kashima Antlers, Brazil.Zico
36%

Score Distribution

Percentile by Number Answered

Percent of People with Each Score

Your Score History

You have not taken this quiz